LEADER 01068nam a2200289 i 4500 001 000000159526 003 CaOOAMICUS 005 20070228000000.0 008 070228s1986 it u000 u ita u 013 $a136889 020 $a88-18-23012-3 040 $aSeMil$bita 100 1 $aBartolini, Elio.$0(OLS)http://semarc/name/41554 245 10$aIgnazio di Loyola /$cElio Bartolini. 260 $aMilano :$bRusconi,$c1986. 300 $a323 p., [10] p. di tav. :$bill. ;$c22 cm. 490 0 $aLe vite 500 $aFondo Card. Giovanni Colombo. 600 04$aIgnazio : di Loyola .$0(OLS)http://semarc/subject/467 830 3$aLe vite.$0(OLS)http://semarc/title/7309 850 $aSeMil 852 $aSeMil$W1$xVenegono$y1$m1O II 105$j111083$B111083$CSeMilBibl$Z2$F120690 $81 941 1 $a3 961 $aLascito: Colombo Card. Giovanni 996 $6020$a88-18-23012-3$9(OLS)http://semarc/number/75148 996 $6245$aIgnazio di Loyola$9(OLS)http://semarc/title/55741 996 $6260$aMilano :$bRusconi$9(OLS)http://semarc/publisher/30258 LEADER 00607nam a2200169 i 4500 001 000000243952 003 CaOOAMICUS 005 20150727000000.0 008 150727s1861 it u000 u fre u 013 $a222857 040 $aSeMil$bita 245 10$aTome 2. 300 $a700 p. 773 0 $aFenelon, François $tOeuvres de Fénelon, archevêque de Cambrai.$dParis : Chez Firmin Didot frères, fils et Cie, 1861.$g2$w()32272 850 $aSeMil 852 $aSeMil$W1$xVenegono$y1$m3F VII 21 FA$j194298$B194298$CSeMilBibl$Z2$F204909 $8I 996 $6245$aTome 2$9(OLS)http://semarc/title/1533